| 000 -ლიდერი |
| ფიქსირებული სიგრძის საკონტროლო ველი |
00842nam a22001697a 4500 |
| 003 - საკონტროლო ნომრის იდენტიფიკატორი |
| საკონტროლო ველი |
Ge_BSU |
| 005 - ბოლო ოპერაციის თარიღი და დრო |
| საკონტროლო ველი |
20200129105402.0 |
| 008 - ფიქსირებული სიგრძის მონაცემთა ელემენტები - ზოგადი ინფორმაცია |
| ფიქსირებული სიგრძის საკონტროლო ველი |
200129s2009 ||||| |||| 00| 0 geo d |
| 041 ## - ენის კოდი |
| Language code of text/sound track or separate title |
geo |
| 080 ## - უნივერსალური ათობითი კლასიფიკაციის ინდექსი |
| Universal Decimal Classification number |
347(479.22)(094.4) ს-32 |
| 245 ## - ცნობა სათაურის შესახებ |
| Title |
საქართველოს სამოქალაქო კოდექსი : |
| Remainder of title |
ანბანურ-საგნობრივი საძიებლით : ცვლილებებითა და დამატებებით 2009 წლის 5 თებერვლამდე |
| 300 ## - ფიზიკური აღწერა |
| Extent |
344 გვ. ; |
| Dimensions |
20 სმ. |
| 440 ## - სერიის ცნობა / დამატებულია ჩანაწერი - სათაური |
| Title |
იურისტის ბიბლიოთეკა |
| 9 (RLIN) |
137 |
| 500 ## - ზოგადი შენიშვნა |
| General note |
ანბანურ-საგნობრივი საძიებელი: გვ. 315-343 |
| 653 ## - INDEX TERM--UNCONTROLLED |
| Uncontrolled term |
სამართალი |
| 942 ## - ADDED ENTRY ELEMENTS (KOHA) |
| Source of classification or shelving scheme |
|
| Koha item type |
წიგნი |